[Event "DEM U18 2023"]
[Site "Willingen GER"]
[Date "2023.05.31"]
[Round "5"]
[White "Farokhi, Keyvan"]
[Black "Albert, Markus"]
[Result "1-0"]
[Termination "normal"]
[Board "2"]
[WhiteTitle "FM"]
[WhiteElo "2266"]
[BlackElo "2232"]
[WhiteClock "00:02:41"]
[BlackClock "00:00:36"]
[PlyCount "71"]
[WhiteFideId "12998630"]
[BlackFideId "16292626"]
[EventCountry "GER"]
[EventRounds "9"]
[EventType "swiss"]
[EventDate "2023.05.27"]

1. d4 {[%clk 01:30:52]} Nf6 {[%clk 01:30:30]} 2. Bf4 {[%clk 01:31:01]} c5
{[%clk 01:30:17]} 3. d5 {[%clk 01:31:21]} b5 {[%clk 01:29:59]} 4. e4 {[%clk
01:31:36]} Qa5+ {[%clk 01:26:02]} 5. Qd2 {[%clk 01:26:19]} b4 {[%clk 01:21:28]}
6. e5 {[%clk 01:17:24]} Nh5 {[%clk 01:07:42]} 7. Be3 {[%clk 01:13:38]} g6
{[%clk 01:04:02]} 8. Na3 {[%clk 01:07:46]} d6 {[%clk 00:55:49]} 9. Nc4 {[%clk
00:39:50]} Qc7 {[%clk 00:36:57]} {[%emt 00:27:50]} 10. Be2 {[%clk 00:34:24]}
Ba6 {[%clk 00:29:34]} {[%emt 00:13:47]} 11. g4 {[%clk 00:30:37]} Ng7 {[%clk
00:24:35]} {[%emt 00:09:46]} 12. exd6 {[%clk 00:27:37]} exd6 {[%clk 00:24:35]}
{[%emt 00:03:59]} 13. Bh6 {[%clk 00:25:19]} Nd7 {[%clk 00:16:38]} {[%emt
00:11:15]} 14. Qe3+ {[%clk 00:24:28]} Kd8 {[%clk 00:15:49]} {[%emt 00:02:41]}
15. O-O-O {[%clk 00:22:05]} Ne8 {[%clk 00:11:00]} {[%emt 00:08:13]} 16. Bf4
{[%clk 00:18:04]} Bb7 {[%clk 00:10:23]} {[%emt 00:05:37]} 17. Nh3 {[%clk
00:16:36]} h6 {[%clk 00:09:45]} {[%emt 00:03:06]} 18. Rhe1 {[%clk 00:16:15]}
Qc8 {[%clk 00:06:34]} {[%emt 00:04:31]} 19. Bf3 {[%clk 00:09:45]} Kc7 {[%clk
00:06:42]} {[%emt 00:07:22]} 20. Bg3 {[%clk 00:06:59]} Qd8 {[%clk 00:05:43]}
{[%emt 00:04:45]} 21. Nf4 {[%clk 00:06:41]} Qf6 {[%clk 00:04:50]} {[%emt
00:02:10]} 22. h4 {[%clk 00:06:00]} Nb6 {[%clk 00:04:06]} {[%emt 00:02:27]} 23.
Na5 {[%clk 00:05:24]} Na4 {[%clk 00:03:40]} {[%emt 00:02:04]} 24. Qb3 {[%clk
00:04:31]} Nb6 {[%clk 00:04:03]} {[%emt 00:01:28]} 25. g5 {[%clk 00:03:03]}
hxg5 {[%clk 00:04:17]} {[%emt 00:02:16]} 26. hxg5 {[%clk 00:03:28]} Qxg5 {[%clk
00:03:07]} {[%emt 00:01:43]} 27. Qe3 {[%clk 00:03:30]} Qf6 {[%clk 00:03:23]}
{[%emt 00:00:46]} 28. Nd3 {[%clk 00:03:37]} Bh6 {[%clk 00:02:55]} {[%emt
00:01:17]} 29. Bf4 {[%clk 00:03:53]} Bxf4 {[%clk 00:03:06]} {[%emt 00:00:32]}
30. Nxf4 {[%clk 00:04:16]} Nd7 {[%clk 00:02:45]} {[%emt 00:00:59]} 31. Nd3
{[%clk 00:01:51]} Rd8 {[%clk 00:01:54]} {[%emt 00:04:15]} 32. Bg4 {[%clk
00:01:47]} Rf8 {[%clk 00:01:48]} {[%emt 00:01:11]} 33. Bxd7 {[%clk 00:01:54]}
Rxd7 {[%clk 00:00:42]} {[%emt 00:02:02]} 34. Nxc5 {[%clk 00:02:19]} Bc8 {[%clk
00:00:38]} {[%emt 00:00:36]} 35. Nxd7 {[%clk 00:02:42]} Kxd7 {[%clk 00:00:36]}
{[%emt 00:00:39]} 36. Nc6 {[%clk 00:02:41]} 1-0

[Event "DEM U18 2023"]
[Site "Willingen GER"]
[Date "2023.05.31"]
[Round "5"]
[White "Chassard, Cedric"]
[Black "Hommer, Jeremy"]
[Result "0-1"]
[Termination "normal"]
[Board "3"]
[WhiteElo "2041"]
[BlackElo "2313"]
[WhiteClock "00:12:23"]
[BlackClock "00:11:20"]
[PlyCount "104"]
[WhiteFideId "16243536"]
[BlackFideId "12992577"]
[EventCountry "GER"]
[EventRounds "9"]
[EventType "swiss"]
[EventDate "2023.05.27"]

1. e4 {[%clk 01:30:56]} c6 {[%clk 01:30:53]} 2. d4 {[%clk 01:31:21]} d5 {[%clk
01:30:53]} 3. e5 {[%clk 01:31:21]} c5 {[%clk 01:30:53]} 4. Nf3 {[%clk
01:31:21]} cxd4 {[%clk 01:30:53]} 5. Nxd4 {[%clk 01:31:21]} Nc6 {[%clk
01:30:53]} 6. c4 {[%clk 01:31:21]} e6 {[%clk 01:30:53]} 7. Nc3 {[%clk
01:31:21]} Nge7 {[%clk 01:30:53]} 8. Ndb5 {[%clk 01:31:21]} Nxe5 {[%clk
01:30:53]} 9. cxd5 {[%clk 01:31:21]} Nxd5 {[%clk 01:30:53]} 10. Nxd5 {[%clk
01:31:21]} exd5 {[%clk 01:30:53]} 11. Be2 {[%clk 01:31:21]} Bb4+ {[%clk
01:30:53]} 12. Bd2 {[%clk 01:31:21]} Bxd2+ {[%clk 01:30:53]} 13. Qxd2 {[%clk
01:31:21]} O-O {[%clk 01:30:53]} 14. O-O {[%clk 01:31:21]} Be6 {[%clk
01:30:53]} 15. Rad1 {[%clk 01:31:21]} Qb6 {[%clk 01:30:53]} 16. Qd4 {[%clk
01:31:21]} Qxd4 {[%clk 01:30:53]} 17. Rxd4 {[%clk 01:31:21]} a6 {[%clk
01:30:53]} 18. Nc3 {[%clk 01:31:21]} Nc6 {[%clk 01:30:53]} 19. Rd2 {[%clk
01:31:21]} Rfd8 {[%clk 01:30:53]} 20. Na4 {[%clk 01:31:21]} Rac8 {[%clk
01:30:53]} 21. f4 {[%clk 01:31:21]} Ne7 {[%clk 01:30:53]} 22. Rfd1 {[%clk
01:31:21]} g6 {[%clk 01:30:53]} 23. Bf3 {[%clk 01:31:21]} Rc4 {[%clk 01:30:53]}
24. Nc3 {[%clk 01:31:21]} Rxf4 {[%clk 01:30:53]} 25. Nxd5 {[%clk 01:31:21]}
Nxd5 {[%clk 01:30:53]} 26. Bxd5 {[%clk 01:31:21]} Bxd5 {[%clk 01:30:53]} 27.
Rxd5 {[%clk 01:31:21]} Rxd5 {[%clk 01:30:53]} 28. Rxd5 {[%clk 01:31:21]} Rc4
{[%clk 01:30:53]} 29. Rd2 {[%clk 01:31:21]} Kg7 {[%clk 01:30:53]} 30. b3 {[%clk
00:37:45]} {[%emt 00:43:46]} Rc1+ {[%clk 00:44:26]} 31. Kf2 {[%clk 00:37:45]}
{[%emt 00:00:06]} h5 {[%clk 00:44:43]} 32. h4 {[%clk 00:35:18]} {[%emt
00:03:04]} Rc3 {[%clk 00:40:27]} 33. Rd6 {[%clk 00:34:39]} {[%emt 00:05:57]}
Rc6 {[%clk 00:34:13]} 34. Rd2 {[%clk 00:30:13]} {[%emt 00:11:39]} Kf6 {[%clk
00:34:14]} 35. Rd7 {[%clk 00:26:49]} {[%emt 00:04:26]} b6 {[%clk 00:34:23]} 36.
Rb7 {[%clk 00:26:49]} Ke6 {[%clk 00:34:23]} 37. Kf3 {[%clk 00:26:49]} b5 {[%clk
00:34:23]} 38. Ra7 {[%clk 00:26:49]} Rd6 {[%clk 00:34:23]} 39. Ke4 {[%clk
00:26:49]} f5+ {[%clk 00:34:23]} 40. Ke3 {[%clk 00:26:49]} Kd5 {[%clk
00:34:23]} 41. Rc7 {[%clk 00:26:49]} Re6+ {[%clk 00:34:23]} 42. Kd3 {[%clk
00:26:49]} Re4 {[%clk 00:34:23]} 43. Ra7 {[%clk 00:26:49]} Rxh4 {[%clk
00:34:23]} 44. Rxa6 {[%clk 00:11:37]} {[%emt 00:45:00]} Rg4 {[%clk 00:13:43]}
45. Ra5 {[%clk 00:12:02]} {[%emt 00:00:18]} Kc6 {[%clk 00:13:09]} 46. b4 {[%clk
00:12:02]} Kb6 {[%clk 00:13:09]} 47. a4 {[%clk 00:11:48]} {[%emt 00:03:31]}
Rxb4 {[%clk 00:11:25]} 48. Rxb5+ {[%clk 00:12:02]} {[%emt 00:01:50]} Rxb5
{[%clk 00:11:51]} 49. axb5 {[%clk 00:12:23]} {[%emt 00:00:08]} f4 {[%clk
00:11:20]} 50. Ke4 {[%clk 00:12:23]} g5 {[%clk 00:11:20]} 51. Kf5 {[%clk
00:12:23]} h4 {[%clk 00:11:20]} 52. Kxg5 {[%clk 00:12:23]} h3 {[%clk 00:11:20]}
0-1

[Event "DEM U18 2023"]
[Site "Willingen GER"]
[Date "2023.05.31"]
[Round "5"]
[White "Pubantz, Jan"]
[Black "Haack, Kevin"]
[Result "0-1"]
[Termination "normal"]
[Board "4"]
[BlackTitle "FM"]
[WhiteElo "2332"]
[BlackElo "2303"]
[WhiteClock "00:06:20"]
[BlackClock "00:25:44"]
[PlyCount "100"]
[WhiteFideId "12996114"]
[BlackFideId "16228715"]
[EventCountry "GER"]
[EventRounds "9"]
[EventType "swiss"]
[EventDate "2023.05.27"]

1. d4 {[%clk 01:30:56]} {[%emt 00:00:03]} Nf6 {[%clk 01:30:47]} {[%emt
00:00:15]} 2. c4 {[%clk 01:31:21]} {[%emt 00:00:04]} e6 {[%clk 01:31:09]}
{[%emt 00:00:09]} 3. g3 {[%clk 01:31:44]} {[%emt 00:00:06]} d5 {[%clk
01:31:27]} {[%emt 00:00:12]} 4. Nf3 {[%clk 01:32:07]} {[%emt 00:00:06]} Bb4+
{[%clk 01:31:44]} {[%emt 00:00:12]} 5. Bd2 {[%clk 01:32:32]} {[%emt 00:00:05]}
Be7 {[%clk 01:32:08]} {[%emt 00:00:07]} 6. Bg2 {[%clk 01:32:47]} {[%emt
00:00:15]} c6 {[%clk 01:32:25]} {[%emt 00:00:17]} 7. Qc2 {[%clk 01:30:12]}
{[%emt 00:03:03]} O-O {[%clk 01:32:34]} {[%emt 00:00:19]} 8. O-O {[%clk
01:30:27]} {[%emt 00:00:16]} b6 {[%clk 01:32:24]} {[%emt 00:00:48]} 9. Ne5
{[%clk 01:28:32]} {[%emt 00:02:16]} Bb7 {[%clk 01:29:50]} {[%emt 00:03:04]} 10.
cxd5 {[%clk 01:28:45]} {[%emt 00:00:19]} cxd5 {[%clk 01:20:36]} {[%emt
00:09:51]} 11. Rc1 {[%clk 01:28:44]} {[%emt 00:00:38]} Nfd7 {[%clk 01:15:15]}
{[%emt 00:05:35]} 12. Qc7 {[%clk 00:59:11]} {[%emt 00:30:04]} Ba6 {[%clk
01:08:54]} {[%emt 00:06:50]} 13. Nxd7 {[%clk 00:31:28]} {[%emt 00:28:13]} Nxd7
{[%clk 00:49:00]} {[%emt 00:20:26]} 14. e4 {[%clk 00:31:42]} {[%emt 00:00:17]}
Nf6 {[%clk 00:42:27]} {[%emt 00:07:14]} 15. e5 {[%clk 00:32:10]} Qxc7 {[%clk
00:37:53]} {[%emt 00:04:55]} 16. Rxc7 {[%clk 00:32:33]} {[%emt 00:00:09]} Bd8
{[%clk 00:38:20]} 17. Rc1 {[%clk 00:29:36]} {[%emt 00:03:25]} Nd7 {[%clk
00:38:33]} {[%emt 00:00:18]} 18. Bb4 {[%clk 00:25:38]} {[%emt 00:04:29]} Re8
{[%clk 00:38:51]} {[%emt 00:00:09]} 19. Bf1 {[%clk 00:21:31]} {[%emt 00:04:37]}
Bxf1 {[%clk 00:36:31]} {[%emt 00:02:49]} 20. Kxf1 {[%clk 00:22:00]} {[%emt
00:00:01]} b5 {[%clk 00:35:30]} {[%emt 00:01:32]} 21. Ke2 {[%clk 00:16:04]}
{[%emt 00:06:25]} f6 {[%clk 00:34:54]} {[%emt 00:01:07]} 22. f4 {[%clk
00:15:30]} {[%emt 00:01:07]} fxe5 {[%clk 00:30:38]} {[%emt 00:04:42]} 23. fxe5
{[%clk 00:14:41]} {[%emt 00:01:18]} Bb6 {[%clk 00:30:06]} {[%emt 00:01:02]} 24.
Kd3 {[%clk 00:14:26]} {[%emt 00:00:46]} Rac8 {[%clk 00:29:54]} {[%emt
00:00:42]} 25. Na3 {[%clk 00:08:17]} {[%emt 00:06:39]} a6 {[%clk 00:28:08]}
{[%emt 00:02:18]} 26. Bd6 {[%clk 00:08:19]} {[%emt 00:00:29]} Nb8 {[%clk
00:20:27]} {[%emt 00:08:09]} 27. Rxc8 {[%clk 00:07:09]} {[%emt 00:01:39]} Rxc8
{[%clk 00:20:53]} {[%emt 00:00:07]} 28. Bxb8 {[%clk 00:06:22]} {[%emt
00:01:17]} Rxb8 {[%clk 00:21:19]} {[%emt 00:00:02]} 29. Rc1 {[%clk 00:06:38]}
{[%emt 00:00:16]} b4 {[%clk 00:15:02]} {[%emt 00:06:48]} 30. Nb1 {[%clk
00:07:06]} Kf7 {[%clk 00:15:20]} {[%emt 00:00:10]} 31. Nd2 {[%clk 00:06:24]}
{[%emt 00:01:14]} Ke7 {[%clk 00:13:17]} {[%emt 00:02:32]} 32. Rc6 {[%clk
00:06:29]} {[%emt 00:00:26]} a5 {[%clk 00:12:04]} {[%emt 00:01:43]} 33. Rd6
{[%clk 00:01:45]} {[%emt 00:05:16]} a4 {[%clk 00:06:57]} {[%emt 00:05:34]} 34.
Nf3 {[%clk 00:01:56]} {[%emt 00:00:21]} h6 {[%clk 00:06:51]} {[%emt 00:00:33]}
35. Nh4 {[%clk 00:00:38]} {[%emt 00:01:49]} g5 {[%clk 00:06:08]} {[%emt
00:01:13]} 36. Nf3 {[%clk 00:00:44]} {[%emt 00:00:24]} a3 {[%clk 00:05:18]}
{[%emt 00:01:20]} 37. bxa3 {[%clk 00:00:37]} {[%emt 00:00:40]} bxa3 {[%clk
00:05:47]} 38. Nd2 {[%clk 00:00:43]} {[%emt 00:00:23]} Ba5 {[%clk 00:05:09]}
{[%emt 00:01:08]} 39. Nf3 {[%clk 00:00:40]} {[%emt 00:00:32]} Rb3+ {[%clk
00:02:47]} {[%emt 00:02:53]} 40. Ke2 {[%clk 00:00:44]} {[%emt 00:00:29]} Rb2+
{[%clk 00:02:37]} {[%emt 00:00:36]} 41. Ke3 {[%clk 00:25:09]} {[%emt 00:06:05]}
Rxa2 {[%clk 00:31:58]} {[%emt 00:01:10]} 42. Ra6 {[%clk 00:25:03]} {[%emt
00:00:36]} Bb4 {[%clk 00:30:42]} {[%emt 00:01:47]} 43. Ra7+ {[%clk 00:23:06]}
{[%emt 00:02:30]} Ke8 {[%clk 00:27:39]} {[%emt 00:03:32]} 44. Ng1 {[%clk
00:07:46]} {[%emt 00:15:47]} Rb2 {[%clk 00:24:40]} {[%emt 00:03:29]} 45. Ne2
{[%clk 00:07:45]} {[%emt 00:00:36]} a2 {[%clk 00:24:51]} {[%emt 00:00:16]} 46.
Kf2 {[%clk 00:07:13]} {[%emt 00:01:01]} Bc3 {[%clk 00:24:57]} {[%emt 00:00:23]}
47. Ra8+ {[%clk 00:05:55]} {[%emt 00:01:48]} Kf7 {[%clk 00:24:44]} {[%emt
00:00:42]} 48. Ra7+ {[%clk 00:06:02]} {[%emt 00:00:24]} Kg6 {[%clk 00:25:06]}
{[%emt 00:00:09]} 49. Ke3 {[%clk 00:05:54]} {[%emt 00:00:38]} Rxe2+ {[%clk
00:25:23]} {[%emt 00:00:13]} 50. Kxe2 {[%clk 00:06:20]} {[%emt 00:00:05]} a1=Q
{[%clk 00:25:44]} {[%emt 00:00:08]} 0-1

[Event "DEM U18 2023"]
[Site "Willingen GER"]
[Date "2023.05.31"]
[Round "5"]
[White "Laux, Dominik"]
[Black "Nied, Pascal"]
[Result "0-1"]
[Termination "normal"]
[Board "5"]
[WhiteTitle "FM"]
[WhiteElo "2297"]
[BlackElo "2189"]
[WhiteClock "00:02:19"]
[BlackClock "00:01:16"]
[PlyCount "80"]
[WhiteFideId "12994219"]
[BlackFideId "16260597"]
[EventCountry "GER"]
[EventRounds "9"]
[EventType "swiss"]
[EventDate "2023.05.27"]

1. e4 {[%clk 01:30:50]} {[%emt 00:00:09]} e5 {[%clk 01:30:52]} {[%emt
00:00:09]} 2. Nf3 {[%clk 01:31:05]} {[%emt 00:00:15]} Nc6 {[%clk 01:31:16]}
{[%emt 00:00:06]} 3. Bc4 {[%clk 01:31:24]} {[%emt 00:00:11]} Bc5 {[%clk
01:31:06]} {[%emt 00:00:39]} 4. c3 {[%clk 01:31:13]} {[%emt 00:00:43]} Nf6
{[%clk 01:31:29]} {[%emt 00:00:06]} 5. d4 {[%clk 01:30:58]} {[%emt 00:00:44]}
exd4 {[%clk 01:31:50]} {[%emt 00:00:09]} 6. e5 {[%clk 01:30:59]} {[%emt
00:00:31]} d5 {[%clk 01:32:11]} {[%emt 00:00:06]} 7. Bb5 {[%clk 01:30:53]}
{[%emt 00:00:56]} Ne4 {[%clk 01:32:32]} 8. cxd4 {[%clk 01:30:57]} {[%emt
00:00:24]} Bb6 {[%clk 01:32:52]} {[%emt 00:00:03]} 9. Nc3 {[%clk 01:30:46]}
{[%emt 00:00:41]} O-O {[%clk 01:30:57]} {[%emt 00:02:26]} 10. Be3 {[%clk
01:30:48]} {[%emt 00:00:26]} Bg4 {[%clk 01:31:18]} {[%emt 00:00:08]} 11. h3
{[%clk 01:29:38]} {[%emt 00:01:45]} Bh5 {[%clk 01:31:42]} {[%emt 00:00:01]} 12.
Qc2 {[%clk 01:29:35]} {[%emt 00:00:34]} Ba5 {[%emt 00:05:43]} 13. O-O {[%clk
01:24:08]} {[%emt 00:00:38]} Bxf3 {[%clk 01:31:54]} {[%emt 00:00:24]} 14. gxf3
{[%clk 01:24:34]} {[%emt 00:00:06]} Ng5 {[%clk 01:32:16]} {[%emt 00:00:08]} 15.
Kg2 {[%clk 01:15:31]} {[%emt 00:09:35]} Bxc3 {[%clk 01:29:35]} {[%emt
00:03:09]} 16. bxc3 {[%clk 00:54:44]} {[%emt 00:21:17]} Ne6 {[%clk 01:29:34]}
{[%emt 00:00:31]} 17. f4 {[%clk 00:52:01]} {[%emt 00:03:14]} f5 {[%clk
01:29:56]} {[%emt 00:00:07]} 18. Kh2 {[%clk 00:50:48]} {[%emt 00:01:44]} Qh4
{[%clk 01:24:06]} {[%emt 00:06:18]} 19. Qd1 {[%emt 00:21:27]} Rad8 {[%clk
00:43:59]} {[%emt 00:27:13]} 20. Qf3 {[%clk 00:40:55]} {[%emt 00:02:50]} Ne7
{[%clk 00:37:29]} {[%emt 00:07:00]} 21. Rab1 {[%clk 00:31:19]} {[%emt
00:10:06]} c6 {[%clk 00:24:42]} {[%emt 00:13:16]} 22. Be2 {[%clk 00:29:10]}
{[%emt 00:02:42]} b5 {[%clk 00:24:17]} {[%emt 00:00:53]} 23. a4 {[%clk
00:20:20]} {[%emt 00:09:21]} a6 {[%clk 00:24:12]} {[%emt 00:00:34]} 24. Qg3
{[%clk 00:18:40]} {[%emt 00:02:12]} Qh6 {[%clk 00:19:17]} {[%emt 00:05:23]} 25.
Ra1 {[%clk 00:13:46]} {[%emt 00:05:24]} Ra8 {[%clk 00:13:41]} {[%emt 00:06:06]}
26. Ra2 {[%clk 00:13:06]} {[%emt 00:01:10]} Ng6 {[%clk 00:13:35]} {[%emt
00:00:40]} 27. Rfa1 {[%clk 00:11:50]} {[%emt 00:01:42]} Ngxf4 {[%clk 00:12:50]}
{[%emt 00:01:17]} 28. Bf3 {[%clk 00:10:04]} {[%emt 00:02:15]} Rac8 {[%clk
00:11:26]} {[%emt 00:01:52]} 29. axb5 {[%clk 00:10:06]} {[%emt 00:00:27]} axb5
{[%clk 00:11:43]} {[%emt 00:00:14]} 30. Ra6 {[%clk 00:04:20]} {[%emt 00:06:19]}
g5 {[%clk 00:11:17]} {[%emt 00:00:54]} 31. Rb6 {[%clk 00:04:32]} {[%emt
00:00:18]} Rf7 {[%clk 00:05:38]} {[%emt 00:06:08]} 32. Raa6 {[%clk 00:04:29]}
{[%emt 00:00:32]} Rfc7 {[%clk 00:05:49]} {[%emt 00:00:21]} 33. Bxf4 {[%clk
00:04:00]} {[%emt 00:00:59]} Nxf4 {[%clk 00:06:09]} {[%emt 00:00:10]} 34. Rxb5
{[%clk 00:03:10]} {[%emt 00:01:19]} Nxh3 {[%clk 00:02:40]} {[%emt 00:03:58]}
35. Bxd5+ {[%clk 00:02:33]} {[%emt 00:01:07]} Kh8 {[%clk 00:03:08]} {[%emt
00:00:01]} 36. Bc4 {[%clk 00:02:14]} {[%emt 00:00:50]} Nxf2+ {[%clk 00:02:33]}
{[%emt 00:01:04]} 37. Kg2 {[%clk 00:02:42]} {[%emt 00:00:02]} Qh1+ {[%clk
00:02:44]} {[%emt 00:00:21]} 38. Kxf2 {[%clk 00:03:04]} {[%emt 00:00:10]} cxb5
{[%clk 00:03:08]} {[%emt 00:00:04]} 39. Qxg5 {[%clk 00:02:19]} {[%emt
00:01:14]} Qh2+ {[%clk 00:01:25]} {[%emt 00:02:17]} 40. Kf3 {[%clk 00:02:19]}
{[%emt 00:00:26]} Qh3+ {[%clk 00:01:16]} {[%emt 00:00:39]} 0-1

[Event "DEM U18 2023"]
[Site "Willingen GER"]
[Date "2023.05.31"]
[Round "5"]
[White "Gallasch, Jonas"]
[Black "Bui, Bao Anh Le"]
[Result "1-0"]
[Termination "normal"]
[Board "6"]
[WhiteTitle "FM"]
[WhiteElo "2296"]
[BlackElo "2136"]
[WhiteClock "00:02:57"]
[BlackClock "00:03:38"]
[PlyCount "119"]
[WhiteFideId "16222474"]
[BlackFideId "12970719"]
[EventCountry "GER"]
[EventRounds "9"]
[EventType "swiss"]
[EventDate "2023.05.27"]

1. d4 {[%clk 01:30:58]} d5 {[%clk 01:29:52]} 2. Nf3 {[%clk 01:31:22]} Nf6
{[%clk 01:29:55]} 3. c4 {[%clk 01:31:30]} dxc4 {[%clk 01:29:49]} 4. e3 {[%clk
01:31:52]} e6 {[%clk 01:29:58]} 5. Bxc4 {[%clk 01:32:16]} a6 {[%clk 01:29:38]}
6. O-O {[%clk 01:32:12]} c5 {[%clk 01:29:39]} 7. dxc5 {[%clk 01:31:44]} Qxd1
{[%clk 01:26:52]} 8. Rxd1 {[%clk 01:32:10]} Bxc5 {[%clk 01:27:10]} 9. Be2
{[%clk 01:32:36]} Nc6 {[%emt 00:00:01]} 10. Nd4 {[%clk 01:28:49]} {[%emt
00:03:50]} Bd7 {[%clk 01:13:44]} {[%emt 00:07:42]} 11. Bf3 {[%clk 01:28:13]}
{[%emt 00:01:05]} Rc8 {[%clk 01:12:07]} {[%emt 00:02:07]} 12. Nb3 {[%clk
01:12:01]} {[%emt 00:16:42]} Ba7 {[%clk 01:05:51]} {[%emt 00:06:47]} 13. N1d2
{[%emt 00:30:33]} b5 {[%clk 00:39:49]} 14. Ne4 {[%clk 01:02:18]} {[%emt
00:06:41]} Nxe4 {[%clk 00:33:35]} {[%emt 00:06:44]} 15. Bxe4 {[%clk 01:02:41]}
{[%emt 00:00:07]} f5 {[%clk 00:32:01]} {[%emt 00:02:04]} 16. Bf3 {[%clk
00:57:40]} {[%emt 00:05:31]} Rc7 {[%clk 00:21:15]} {[%emt 00:11:17]} 17. Bd2
{[%clk 00:43:54]} {[%emt 00:14:19]} O-O {[%clk 00:14:14]} {[%emt 00:07:30]} 18.
Bc3 {[%clk 00:37:43]} {[%emt 00:06:43]} Rfc8 {[%clk 00:10:03]} {[%emt
00:04:36]} 19. a3 {[%clk 00:34:43]} {[%emt 00:03:32]} Kf7 {[%clk 00:07:24]}
{[%emt 00:03:07]} 20. Rd6 {[%clk 00:31:26]} {[%emt 00:03:47]} Be8 {[%clk
00:06:59]} {[%emt 00:00:54]} 21. Rad1 {[%clk 00:30:48]} {[%emt 00:01:09]} Nb8
{[%clk 00:04:22]} {[%emt 00:03:08]} 22. e4 {[%clk 00:16:57]} {[%emt 00:14:20]}
Bc6 {[%clk 00:03:39]} {[%emt 00:01:15]} 23. exf5 {[%clk 00:10:22]} {[%emt
00:07:03]} exf5 {[%clk 00:04:03]} {[%emt 00:00:07]} 24. Bd5+ {[%clk 00:10:48]}
{[%emt 00:00:03]} Bxd5 {[%clk 00:04:11]} {[%emt 00:00:23]} 25. R1xd5 {[%clk
00:11:02]} {[%emt 00:00:15]} g6 {[%clk 00:02:46]} {[%emt 00:01:56]} 26. h4
{[%clk 00:10:40]} {[%emt 00:00:51]} Re7 {[%clk 00:02:21]} {[%emt 00:00:55]} 27.
Rf6+ {[%clk 00:08:33]} {[%emt 00:02:37]} Kg8 {[%clk 00:01:23]} {[%emt
00:01:29]} 28. h5 {[%clk 00:05:42]} {[%emt 00:03:23]} Rf7 {[%clk 00:01:01]}
{[%emt 00:00:49]} 29. Rxf7 {[%clk 00:03:29]} {[%emt 00:02:45]} Kxf7 {[%clk
00:01:26]} {[%emt 00:00:02]} 30. Nd2 {[%clk 00:03:53]} {[%emt 00:00:06]} Bb6
{[%clk 00:01:03]} {[%emt 00:00:54]} 31. Nf3 {[%clk 00:03:56]} {[%emt 00:00:27]}
Rd8 {[%clk 00:01:10]} {[%emt 00:00:24]} 32. Ne5+ {[%clk 00:03:38]} {[%emt
00:00:46]} Ke6 {[%clk 00:01:30]} {[%emt 00:00:10]} 33. Rxd8 {[%clk 00:03:57]}
{[%emt 00:00:13]} Bxd8 {[%clk 00:01:54]} {[%emt 00:00:07]} 34. hxg6 {[%clk
00:04:14]} {[%emt 00:00:11]} hxg6 {[%clk 00:02:18]} {[%emt 00:00:05]} 35. Nxg6
{[%clk 00:04:12]} {[%emt 00:00:36]} Nc6 {[%clk 00:02:40]} {[%emt 00:00:08]} 36.
Kf1 {[%clk 00:02:01]} {[%emt 00:02:38]} a5 {[%clk 00:02:18]} {[%emt 00:00:57]}
37. Ke2 {[%clk 00:01:00]} {[%emt 00:01:28]} Bb6 {[%clk 00:01:09]} {[%emt
00:01:36]} 38. Nf4+ {[%clk 00:00:59]} {[%emt 00:00:34]} Kd6 {[%clk 00:01:15]}
{[%emt 00:00:21]} 39. f3 {[%clk 00:00:55]} {[%emt 00:00:34]} Ne7 {[%clk
00:00:40]} {[%emt 00:01:05]} 40. Kd3 {[%clk 00:00:49]} {[%emt 00:00:35]} Nc6
{[%clk 00:00:39]} {[%emt 00:00:32]} 41. Ne2 {[%clk 00:22:06]} {[%emt 00:09:13]}
Kd5 {[%clk 00:25:29]} {[%emt 00:05:39]} 42. Bg7 {[%clk 00:21:34]} {[%emt
00:01:01]} Nd8 {[%clk 00:22:13]} {[%emt 00:03:46]} 43. Bd4 {[%clk 00:16:38]}
{[%emt 00:05:26]} Bc7 {[%clk 00:22:21]} {[%emt 00:00:22]} 44. Nc3+ {[%clk
00:17:03]} {[%emt 00:00:06]} Kc6 {[%clk 00:22:40]} {[%emt 00:00:10]} 45. g4
{[%clk 00:17:05]} {[%emt 00:00:28]} fxg4 {[%clk 00:23:05]} {[%emt 00:00:05]}
46. fxg4 {[%clk 00:17:31]} {[%emt 00:00:04]} Ne6 {[%clk 00:23:06]} {[%emt
00:00:29]} 47. Bf6 {[%clk 00:12:38]} {[%emt 00:05:22]} b4 {[%clk 00:21:46]}
{[%emt 00:01:51]} 48. axb4 {[%clk 00:11:14]} {[%emt 00:01:54]} axb4 {[%clk
00:22:09]} {[%emt 00:00:07]} 49. Nd1 {[%clk 00:10:54]} {[%emt 00:00:49]} Kb5
{[%clk 00:15:07]} {[%emt 00:07:32]} 50. Ne3 {[%clk 00:09:23]} {[%emt 00:02:00]}
Nc5+ {[%clk 00:07:02]} {[%emt 00:08:36]} 51. Kd4 {[%clk 00:07:04]} {[%emt
00:02:48]} Bf4 {[%clk 00:07:11]} {[%emt 00:00:21]} 52. Nc4 {[%clk 00:05:31]}
{[%emt 00:02:04]} Bc1 {[%clk 00:06:17]} {[%emt 00:01:24]} 53. Kd5 {[%clk
00:05:28]} {[%emt 00:00:32]} Nd3 {[%clk 00:06:02]} {[%emt 00:00:45]} 54. b3
{[%clk 00:04:07]} {[%emt 00:01:51]} Nf4 {[%clk 00:05:40]} {[%emt 00:00:53]} 55.
Kd6 {[%clk 00:03:53]} {[%emt 00:00:43]} Nd3 {[%clk 00:04:08]} {[%emt 00:02:03]}
56. g5 {[%clk 00:03:41]} {[%emt 00:00:42]} Nc5 {[%clk 00:04:09]} {[%emt
00:00:29]} 57. g6 {[%clk 00:03:27]} {[%emt 00:00:44]} Bh6 {[%clk 00:04:29]}
{[%emt 00:00:09]} 58. Nd2 {[%clk 00:03:19]} {[%emt 00:00:39]} Bxd2 {[%clk
00:04:43]} {[%emt 00:00:17]} 59. Bd4 {[%clk 00:02:36]} {[%emt 00:01:13]} Bh6
{[%clk 00:03:38]} {[%emt 00:01:34]} 60. Bxc5 {[%clk 00:02:57]} {[%emt
00:00:10]} 1-0